00357nam a2200145Ia 4500003000500000008004100005020001800046040001900064082000700083100002200090245003900112260004000151300000800191546001200199STCL181203s9999 xx 000 0 und d a9781405177160 aSTCLbENcSTCL 222 aGasiorek, Andrzej 2aA History of modernist Literature  bWiley Blackwell aWest Sussexc2015 a596 aEnglish